Word Ladder: 2014 Action Film Quiz Stats

Quiz Updated Sep 20, 2016

Challenge
Share
Tweet
Embed
Score 0/18 Timer 02:00
1 Play Today
Clue 4-Letter Word % Correct
To put bullets in a gunLOAD
98.7%
To enjoy a bookREAD
98.6%
Money given with the expectation of repaymentLOAN
98.2%
The Beatles sang about a 'long and winding' thisROAD
98%
To uniteJOIN
96.8%
A cut of meat just below the ribsLOIN
96.2%
★ 2014 Action Film: '___ [last rung]' ★
OR Leguizamo, Turturro, or Travolta, e.g.
★JOHN★
95.7%
A vampire's targetNECK
94.7%
Nolte, Cave, or Jonas, e.g.NICK
94.1%
Clue 4-Letter Word % Correct
To expose secret informationLEAK
92%
★ 2014 Action Film: '[first rung] ____' ★
OR The lit part of a candle
★WICK★
91.7%
Green veggie related to an onionLEEK
91.5%
To view secretlyPEEK
91.5%
Avian facial featureBEAK
91.3%
A quarter of a bushelPECK
90.2%
A curve in the pathBEND
89.3%
Glass jewelry componentBEAD
89.1%
To tear into piecesREND
87.6%

Today's Daily Dose

You're not logged in!

Compare scores with friends on all Sporcle quizzes.
Join for Free
OR
Log In

You Might Also Like...

Show Comments

Extras

Top Quizzes Today


Score Distribution

Your Account Isn't Verified!

In order to create a playlist on Sporcle, you need to verify the email address you used during registration. Go to your Sporcle Settings to finish the process.

Report this User

Report this user for behavior that violates our Community Guidelines.

Details: